000 00752nam a2200217 a 4500
005 20260309112134.0
008 991125s2000 mx 000 0 spa u
020 _a9684963920
035 _aUPN01000151201
049 _aCG
050 4 _aF1221 T2.5
_bL4.2
100 1 _aLeón García, Ricardo
245 1 0 _aCivilizar o exterminar :
_btarahumaras y apaches en Chihuahua, siglo XIX /
_cRicardo León García, Carlos González Herrera.
260 _aMéxico :
_bCIESAS :
_bINI,
_c2000.
300 _a304 p. :
_bil.
440 0 _aHistoria de los pueblos indígenas de México
650 4 _aTARAHUMARAS -
_zCHIHUAHUA -
_xHISTORIA
_98548
650 4 _aApaches
_zChihuahua
_xHistoria
_98549
700 1 _aGonzález Herrera, Carlos,
_ecoaut.
905 _aLibro
999 _c123340
_d123340